| 000 | 00472nam a22001337a 4500 | ||
|---|---|---|---|
| 005 | 20241106130143.0 | ||
| 008 | 241106b |||||||| |||| 00| 0 eng d | ||
| 245 | _aThe Ghana Law Reports 2013-2015 Vol. 2 | ||
| 260 |
_aAccra, Ghana _bCouncil for Law Reporting _c2018 |
||
| 300 |
_aliv, 1029 pages _c25 cm |
||
| 500 | _aCases determined by the High Court, the Court of Appeal, and the Supreme Court of the Republic of Ghana. | ||
| 650 |
_2Law Reports _xGhana |
||
| 942 |
_2lcc _cBK _n0 |
||
| 999 |
_c696 _d696 |
||